000 00579nam a2200217Ia 4500
005 20221017095934.0
008 131103s9999 xx 000 0 und d
040 _aLoreto College
041 _aEnglish
082 _a150
_bSMI
100 _aSmith, Jackson A.
245 _aPsychiatry
_b descriptive and dynamic
_cJackson A. Smith
260 _aCalcutta
_bOxford & IBH
_c1959c
300 _a342p
504 _aIncludes bibliographical references and index
630 _aPsychology
650 _aPsychiatry
651 _aPsychoanalysis
850 _aLCLIB
942 _cBK
999 _c18427
_d68906